00347nam a2200133Ia 4500008004100000041000800041082001900049100001600068245004300084260002300127300003000150365001700180700001600197230718s9999 xx 000 0 und d aeng a621.382'2bLOI aLoizou P.C. aSpeech Enhancement Theory And Practice bTata Mc Graw Hill  a608dRef 994 E ME (28803) cRs.b3874.00 aLoizou P.C.